[Event "73rd Tata Steel GMC"]
[Site "Wijk aan Zee NED"]
[Date "2011.01.20"]
[Round "5"]
[White "Swiercz, Dariusz"]
[Black "Van Der Werf, Mark"]
[Result "0-1"]
[WhiteTitle "GM"]
[BlackTitle "IM"]
[WhiteElo "2540"]
[BlackElo "2439"]
[WhiteFideId "1126881"]
[BlackFideId "1000470"]
[EventDate "2011.01.14"]

1. d4 Nf6 2. c4 e6 3. Nc3 Bb4 4. e3 c5 5. Bd3 Nc6 6. Ne2 cxd4 7. exd4 d5 8. cxd5
Nxd5 9. O-O O-O 10. a3 Bd6 11. Ne4 Nce7 12. Bc2 b6 13. Qd3 Ng6 14. h4 a5 15. Bg5
Be7 16. Qg3 Ba6 17. Rfe1 Rc8 18. N2c3 Bxg5 19. Nxg5 Nxc3 20. bxc3 Qc7 21. Re3
Qxg3 22. fxg3 Rfd8 23. Nxh7 Ne7 24. Ng5 Nd5 25. Rf3 Rd7 26. Rc1 Be2 27. Rf2 Bh5
28. c4 Ne3 29. c5 bxc5 30. dxc5 Rxc5 31. g4 Bg6 32. Rb1 Rxg5 33. Rb8+ Kh7 34.
Ba4 Rgd5 35. Bxd7 Rd1+ 36. Kh2 Nxg4+ 37. Kg3 Nxf2 0-1